00366nam a2200133Ia 4500008004100000041001200041082001700053100001600070245005600086250001200142260003200154300001200186650003400198231217s9999 xx 000 0 und d aEnglish a346 SHU `R' aShukla, M C 2aA manual of mercantile law including industrial law a3rd ed. c1998bNew Delhi : S. Chand, axii+732 aMercantile law Industrial law